Nghiên cứu chế tạo xúc tác acid dạng rắn từ rơm rạ : Luận văn tốt nghiệp Cao học. Chuyên ngành Hóa lý thuyết và Hóa lý

Nghiên cứu nhằm tạo ra hạt carbon có dạng vi cầu từ dịch thủy phân rơm rà bằng phương pháp vi nhũ và sau đó sunfo hóa hạt carbon bằng H2SO4 tạo xúc tác acid dạng rắn với qui mô phòng thí nghiệm.

Wedi'i Gadw mewn:
Manylion Llyfryddiaeth
Prif Awdur: Nguyễn, Phi Long
Fformat: Llyfr
Iaith:Undetermined
Cyhoeddwyd: Cần Thơ Trường Đại học Cần Thơ 2017
Pynciau:
Tagiau: Ychwanegu Tag
Dim Tagiau, Byddwch y cyntaf i dagio'r cofnod hwn!
Thư viện lưu trữ: Trung tâm Học liệu Trường Đại học Cần Thơ
LEADER 01028nam a2200193Ia 4500
001 CTU_224503
008 210402s9999 xx 000 0 und d
082 |a 541.395 
082 |b L431 
100 |a Nguyễn, Phi Long 
245 0 |a Nghiên cứu chế tạo xúc tác acid dạng rắn từ rơm rạ : 
245 0 |b Luận văn tốt nghiệp Cao học. Chuyên ngành Hóa lý thuyết và Hóa lý 
245 0 |c Nguyễn Phi Long ; Hồ Quốc Phong (Cán bộ hướng dẫn) 
260 |a Cần Thơ 
260 |b Trường Đại học Cần Thơ 
260 |c 2017 
520 |a Nghiên cứu nhằm tạo ra hạt carbon có dạng vi cầu từ dịch thủy phân rơm rà bằng phương pháp vi nhũ và sau đó sunfo hóa hạt carbon bằng H2SO4 tạo xúc tác acid dạng rắn với qui mô phòng thí nghiệm. 
650 |a Physical chemistry,Hóa lý 
980 |a Trung tâm Học liệu Trường Đại học Cần Thơ